000 00562npc a2200205Ia 4500
001 dp5/10-2596 [d000002732]
003 IT-MiCISF
008 161014s9999||||xx | und||
040 _aIT-MiCISF
_cIT-MiCISF
041 _ait
100 _aBeyer Jean
245 0 _aLe nuove forme di vita consacrata dopo il sinodo
250 _a1a ed.
260 _bPiccolo gruppo di Cristo. Annuario 1994-1995
_c1995
300 _app. 41-45
500 _a / chiesa, matrimonio-sacramento /
650 _apastorale
942 _cDD
957 _71
999 _a2596
_bsi
_g1
_c206640
_d206640